000 00514nam a2200181 4500
003 CO-ViMGA
020 _a978-958-8948-45-4
040 _aCO-ViMGA
_bspa
_cCO-ViMGA
082 0 4 _aCo863.5
_bR29q
100 1 _aReyes, Yolanda,
_d1959-
_99643
245 1 0 _aQué raro que me llame Federíco /
_cYolanda Reyes.
250 _a1a. ed.
260 _aBogotá :
_b Alfaguara,
_c 2016.
300 _a199 p. ;
_b 24 cm.
490 _a(Narrativa hispánica)
650 1 4 _aNovela colombiana
_ySiglo XXI
_92549
942 _2ddc
_cBK
999 _c37994
_d37994